000 00380nam a2200145Ia 4500
008 150201s2013 xx 000 0 und d
082 _a612.015
_bF13S
100 _aSHANMUGAM , AMBIKA
245 _aFUNDAMENTALS OF BIOCHEMISTRY FOR MEDICAL STUDENTS
250 _a7TH
260 _bWOLTERS KLUWER
_aINDIA
_c2013
300 _a1-783
650 _aBIOCHEMISTRY
942 _2ddc
_cBK
_016
999 _c1634
_d1634